000
00302nam a2200133Ia 4500
100
_a
Ansley/A.C
942
_c
BK
654
_a
Manufacturing
245
_a
Manufacturing Methods & Processes
260
_b
Chilton Book & Co
_a
Philadelpic
_c
1968
082
_a
670.42
300
_a
626
546
_a
ENGLISH
999
_c
33658
_d
33658